000 00631nam a2200241 a 4500
005 20210219153002.0
008 991125n 000 0 spa u
035 _aUPN01000070879
100 1 _aDurkheim, Emile,
_d1858-1917
222 _aREVISTA COLOMBIANA DE EDUCACION
245 _aDebate sobre la educación sexual
300 _a49-56
362 0 _a1988 No. 19 ene.-jun.
653 0 _aEDUCACION MORAL
653 0 _aEDUCACION SEXUAL
653 0 _aVIDA SEXUAL
700 1 _aCastaño, Inés Elvira,
700 1 _etr.
700 1 _aCastaño, Gonzalo,.
700 1 _etr.
904 _aAC
_b008690
905 _aArticulo
999 _c65534
_d65534